[Event "119th NZL-ch op"]
[Site "Queenstown NZL"]
[Date "2012.01.15"]
[Round "1"]
[White "Rozentalis, Eduardas"]
[Black "Milligan, Helen"]
[Result "1-0"]
[WhiteElo "2592"]
[BlackElo "1979"]
[EventDate "2012.01.15"]
[PlyCount "37"]

1.e4 e5 2.Nf3 Nc6 3.Bb5 a6 4.Bxc6 dxc6 5.O-O Bd6 6.c3 c5 7.Na3 Ne7 8.Nc4 
Ng6 9.d4 Qe7 10.dxe5 Nxe5 11.Nfxe5 Bxe5 12.Qh5 Bd6 13.e5 Qe6 14.exd6 Qxc4 
15.Re1+ Kf8 16.dxc7 Be6 17.Be3 b6 18.Rad1 Ke7 19.Qg5+ 1-0

[Event "119th NZL-ch op"]
[Site "Queenstown NZL"]
[Date "2012.01.15"]
[Round "1"]
[White "Safarian, Alek"]
[Black "Millikan, Erlend"]
[Result "1-0"]
[WhiteElo "2036"]
[BlackElo "1760"]
[EventDate "2012.01.15"]
[PlyCount "87"]

1.d4 d5 2.c4 c6 3.Nc3 Nf6 4.Nf3 Bf5 5.e3 e6 6.a3 Be7 7.Ne5 O-O 8.Bd3 Bxd3 
9.Qxd3 Nbd7 10.f4 Nxe5 11.fxe5 dxc4 12.Qxc4 Nd5 13.O-O Bg5 14.Qe2 Nxc3 15.
bxc3 b5 16.a4 a6 17.Qf3 Qd5 18.Qg4 Qd8 19.Rf3 Bh6 20.Ba3 f5 21.exf6 Rxf6 
22.Raf1 Kh8 23.Rxf6 gxf6 24.Qxe6 Bg7 25.Rf5 Qe8 26.Qxe8+ Rxe8 27.Kf2 Kg8 
28.Kf3 Kf7 29.e4 Rb8 30.a5 Ke6 31.g4 Rc8 32.Ke2 Bf8 33.Bxf8 Rxf8 34.g5 Rf7
35.Rxf6+ Rxf6 36.gxf6 Kxf6 37.Kf3 Kg5 38.h4+ Kxh4 39.Kf4 Kh5 40.Kf5 Kh6 
41.Kf6 Kh5 42.e5 Kh6 43.e6 c5 44.e7 1-0

[Event "119th NZL-ch op"]
[Site "Queenstown NZL"]
[Date "2012.01.15"]
[Round "1"]
[White "Schon, Eugene"]
[Black "Setiabudi, Megan"]
[Result "1-0"]
[WhiteElo "2188"]
[BlackElo "1755"]
[EventDate "2012.01.15"]
[PlyCount "161"]

1.d4 d5 2.c4 c6 3.Nf3 Nf6 4.Nc3 dxc4 5.a4 Bf5 6.Ne5 e6 7.f3 Nbd7 8.e4 Bg6 
9.Nxc4 Bb4 10.Be2 O-O 11.Bf4 Nb6 12.O-O Nxc4 13.Bxc4 Qb6 14.Be3 Qa5 15.Na2
Be7 16.b4 Bxb4 17.Rb1 c5 18.Nxb4 cxb4 19.Qb3 Rac8 20.Rfc1 Rc7 21.Bf4 Rc6 
22.Bb5 Rxc1+ 23.Rxc1 a6 24.Bc7 b6 25.Bf1 Qg5 26.Rc6 a5 27.Bxb6 Nd7 28.Bc7 
Ra8 29.Rc2 h6 30.Bg3 Qf6 31.Qc4 Kh7 32.Bf2 Qd8 33.Qb3 Kg8 34.Bb5 Nf6 35.
Qc4 Kh7 36.Rc1 Rb8 37.Bg3 Ra8 38.Bc7 Qc8 39.Qc6 Ra7 40.Qb6 Ra8 41.Bc6 Nd7 
42.Qb7 Qxb7 43.Bxb7 Ra7 44.Bc8 Nf6 45.Rc5 b3 46.Bb8 Nd7 47.Rb5 Nxb8 48.
Rxb8 Rc7 49.Ba6 Rd7 50.Rxb3 Rxd4 51.Bb5 e5 52.Rc3 Rd8 53.Rc7 Ra8 54.Bc4 f6
55.Bf7 Bxf7 56.Rxf7 Kg6 57.Rc7 h5 58.Kf2 Ra6 59.Ke3 Kh6 60.h4 g5 61.g3 Kg6
62.Rc5 gxh4 63.gxh4 Kf7 64.f4 exf4+ 65.Kxf4 Kg6 66.Rd5 Kh6 67.Kf5 Kg7 68.
Rd7+ Kg8 69.Kg6 Kf8 70.Rf7+ Ke8 71.Rxf6 Ra7 72.Kxh5 Re7 73.Rf4 Re5+ 74.Kg6
Re6+ 75.Kf5 Rh6 76.Kg5 Re6 77.h5 Re5+ 78.Kg6 Re6+ 79.Kf5 Rh6 80.Kg5 Re6 
81.h6 1-0

[Event "119th NZL-ch op"]
[Site "Queenstown NZL"]
[Date "2012.01.15"]
[Round "1"]
[White "Seabrook, Roy"]
[Black "West, Guy"]
[Result "0-1"]
[WhiteElo "1873"]
[BlackElo "2323"]
[EventDate "2012.01.15"]
[PlyCount "84"]

1.e4 e6 2.d4 d5 3.exd5 exd5 4.Bd3 Nc6 5.Ne2 Bg4 6.f3 Bh5 7.Bf4 Bd6 8.Qd2 
Nge7 9.Nbc3 Bg6 10.Bb5 Bxf4 11.Nxf4 O-O 12.O-O Qd6 13.Ba4 Nd8 14.Nb5 Qb6 
15.Qc3 c6 16.Nd6 Qc7 17.Nxg6 hxg6 18.Qa3 b5 19.Bb3 a5 20.Qc5 Ne6 21.Nxb5 
cxb5 22.Qxc7 Nxc7 23.c3 Rfd8 24.Rfe1 Kf8 25.Bc2 b4 26.Ba4 bxc3 27.bxc3 
Rab8 28.Re2 Nb5 29.Bxb5 Rxb5 30.Rae1 Nf5 31.g4 Nd6 32.Re7 Re8 33.Rxe8+ 
Nxe8 34.Re2 Nd6 35.Kf2 a4 36.Kg3 g5 37.h4 gxh4+ 38.Kxh4 Nc4 39.Kg3 a3 40.
f4 Rb2 41.Kf2 Nd6 42.Kf3 Ne4 0-1

[Event "119th NZL-ch op"]
[Site "Queenstown NZL"]
[Date "2012.01.15"]
[Round "1"]
[White "Setiabudi, Allen"]
[Black "Hansen, Sune Berg"]
[Result "0-1"]
[WhiteElo "1966"]
[BlackElo "2572"]
[EventDate "2012.01.15"]
[PlyCount "62"]

1.e4 e5 2.Nf3 Nc6 3.d4 exd4 4.c3 d5 5.Bd3 Nf6 6.e5 Ne4 7.Qe2 dxc3 8.bxc3 
Nc5 9.Bc2 d4 10.Bg5 Qd5 11.cxd4 Nxd4 12.Nxd4 Qxd4 13.O-O Bg4 14.Qd2 Qxd2 
15.Nxd2 Ne6 16.Be3 O-O-O 17.Nb3 Ba3 18.Be4 b6 19.f3 Bh5 20.f4 g6 21.h3 Be2
22.Rfe1 Bd3 23.Bxd3 Rxd3 24.g4 Rhd8 25.Kf2 Rc3 26.Re2 Rdd3 27.Rae1 Nxf4 
28.Bxf4 Rf3+ 29.Kg2 Rxf4 30.e6 fxe6 31.Rxe6 Rff3 0-1

[Event "119th NZL-ch op"]
[Site "Queenstown NZL"]
[Date "2012.01.15"]
[Round "1"]
[White "Smith, Vivian"]
[Black "Shen, Daniel"]
[Result "0-1"]
[WhiteElo "1752"]
[BlackElo "2182"]
[EventDate "2012.01.15"]
[PlyCount "66"]

1.e4 e5 2.Nf3 Nc6 3.d4 exd4 4.Bc4 Nf6 5.e5 Ne4 6.O-O d5 7.Bb5 Bd7 8.Bxc6 
bxc6 9.Nxd4 Bc5 10.Be3 O-O 11.f3 Ng5 12.f4 Ne4 13.Nc3 Nxc3 14.bxc3 Qe7 15.
Qd2 Bb6 16.Rf3 f6 17.exf6 Qxf6 18.f5 Rae8 19.Raf1 Re4 20.Bf2 Qe5 21.Bg3 
Qe7 22.Kh1 c5 23.Nb3 d4 24.cxd4 cxd4 25.f6 Rxf6 26.Rxf6 gxf6 27.Qh6 f5 28.
Qd2 Re2 29.Qd3 Qe4 30.Qxe4 fxe4 31.Bf2 c5 32.Kg1 Rxc2 33.Rc1 Be6 0-1

[Event "119th NZL-ch op"]
[Site "Queenstown NZL"]
[Date "2012.01.15"]
[Round "1"]
[White "Smochina, Carolina"]
[Black "Holdaway, Stewart"]
[Result "1-0"]
[WhiteElo "2167"]
[BlackElo "1746"]
[EventDate "2012.01.15"]
[PlyCount "79"]

1.c4 Nf6 2.Nc3 e6 3.Nf3 Bb4 4.Qc2 O-O 5.e3 c5 6.a3 Bxc3 7.Qxc3 b6 8.d3 Bb7
9.Be2 d5 10.cxd5 Nxd5 11.Qc2 Nc6 12.O-O Rc8 13.b3 Qe7 14.Bb2 Rfd8 15.Rac1 
Rd7 16.Rfd1 Rdc7 17.Ne5 Nxe5 18.Bxe5 Rd7 19.Bg3 e5 20.Bg4 Rcd8 21.Bxd7 
Rxd7 22.Qd2 f6 23.d4 cxd4 24.exd4 e4 25.Re1 f5 26.Be5 h6 27.b4 g5 28.Qa2 
Kh7 29.Qc2 Nf4 30.Bxf4 gxf4 31.f3 Qg7 32.fxe4 Bxe4 33.Rxe4 fxe4 34.Qxe4+ 
Kg8 35.Rc8+ Kf7 36.Qxf4+ Ke7 37.Qe4+ Kf7 38.Qf4+ Ke7 39.Rc7 Qg6 40.Qe5+ 
1-0

[Event "119th NZL-ch op"]
[Site "Queenstown NZL"]
[Date "2012.01.15"]
[Round "1"]
[White "Solomon, Stephen"]
[Black "Gao, Hans"]
[Result "1/2-1/2"]
[WhiteElo "2375"]
[BlackElo "1924"]
[EventDate "2012.01.15"]
[PlyCount "85"]

1.e4 c5 2.Nf3 d6 3.d4 cxd4 4.Nxd4 Nf6 5.Nc3 g6 6.Be3 Bg7 7.f3 a6 8.Qd2 
Nbd7 9.g4 b5 10.Nc6 Qc7 11.Nxe7 Bb7 12.Ned5 Nxd5 13.Nxd5 Bxd5 14.Qxd5 O-O 
15.Rd1 Bxb2 16.Qxd6 Qxc2 17.Qd3 Bc3+ 18.Bd2 Bxd2+ 19.Qxd2 Qxd2+ 20.Rxd2 
Ne5 21.Be2 g5 22.Kf2 Rfd8 23.Rhd1 Rxd2 24.Rxd2 Rc8 25.Rd6 Rc6 26.Rxc6 Nxc6
27.Bd3 f6 28.Ke3 h6 29.f4 Kf7 30.Bc2 gxf4+ 31.Kxf4 Nd4 32.Bd1 Ke6 33.h4 a5
34.e5 fxe5+ 35.Ke4 a4 36.g5 hxg5 37.hxg5 a3 38.g6 b4 39.g7 Kf7 40.Kxe5 b3 
41.Kxd4 bxa2 42.Bb3+ Kxg7 43.Bxa2 1/2-1/2

[Event "119th NZL-ch op"]
[Site "Queenstown NZL"]
[Date "2012.01.15"]
[Round "1"]
[White "Kharisma Sukandar, Irine"]
[Black "Tsagarakis, Angelo"]
[Result "1-0"]
[WhiteElo "2325"]
[BlackElo "1883"]
[EventDate "2012.01.15"]
[PlyCount "89"]

1.e4 Nc6 2.Nf3 d6 3.d4 Nf6 4.Nc3 g6 5.h3 Bg7 6.Bg5 a6 7.Qd2 b5 8.a3 O-O 9.
Bd3 Bb7 10.O-O Rc8 11.a4 b4 12.Ne2 d5 13.Bxf6 exf6 14.exd5 Qxd5 15.c4 bxc3
16.bxc3 Na5 17.Rab1 Qd7 18.Nh2 Qxa4 19.c4 Qc6 20.d5 Qc5 21.Rb4 Ba8 22.Ra4 
Nb7 23.Rxa6 f5 24.Nc1 Rfe8 25.Nf3 Qf8 26.Nb3 Nc5 27.Nxc5 Qxc5 28.Rb1 Rcd8 
29.Rb5 Qe7 30.Ra7 Qd6 31.Qa2 c6 32.Rba5 cxd5 33.Rxa8 dxc4 34.Rxd8 Rxd8 35.
Bxc4 Bf8 36.Bxf7+ Kg7 37.Rd5 Qe7 38.Rxd8 Qxd8 39.Bd5 Be7 40.Qc4 Qb6 41.g3 
Qb1+ 42.Kg2 Qd1 43.Qc3+ Bf6 44.Qc7+ Kh6 45.Bg8 1-0

[Event "119th NZL-ch op"]
[Site "Queenstown NZL"]
[Date "2012.01.15"]
[Round "1"]
[White "Tao, Trevor"]
[Black "Goodhue, Nathan"]
[Result "1-0"]
[WhiteElo "2422"]
[BlackElo "1945"]
[EventDate "2012.01.15"]
[PlyCount "119"]

1.c4 e5 2.Nc3 Bb4 3.Qc2 Bxc3 4.Qxc3 d6 5.Nf3 Nf6 6.g3 b6 7.Bg2 Bb7 8.O-O 
O-O 9.d3 c5 10.Bd2 Nc6 11.e4 Nd7 12.a3 a5 13.Rae1 Re8 14.b3 Nf8 15.Qb2 Ne6
16.Rb1 Ncd4 17.Nxd4 Nxd4 18.b4 axb4 19.axb4 Bc6 20.Be3 Qc7 21.f4 Reb8 22.
Bh3 f6 23.fxe5 dxe5 24.Bxd4 cxd4 25.Be6+ Kh8 26.b5 Bb7 27.Qb4 Qc5 28.Qxc5 
bxc5 29.Ra1 Re8 30.Rxa8 Rxa8 31.b6 Re8 32.Bh3 Kg8 33.Ra1 Rb8 34.Bd7 Kf7 
35.Ra7 Kg6 36.Ra5 Bxe4 37.dxe4 Rxb6 38.Rxc5 Rb1+ 39.Kg2 Rb2+ 40.Kh3 Kg5 
41.Rd5 h5 42.c5 Rc2 43.Bb5 Kh6 44.c6 g5 45.g4 Rc3+ 46.Kg2 hxg4 47.Rd7 g3 
48.hxg3 Kh5 49.c7 Rc2+ 50.Kg1 Kg4 51.Ba6 Kxg3 52.c8=Q Rxc8 53.Bxc8 Kf3 54.
Bb7 Ke3 55.Kg2 d3 56.Kg3 d2 57.Bc6 f5 58.exf5 e4 59.f6 Ke2 60.Bxe4 1-0

[Event "119th NZL-ch op"]
[Site "Queenstown NZL"]
[Date "2012.01.15"]
[Round "1"]
[White "Tionko, Efrain"]
[Black "Garbett, Paul Anthony"]
[Result "0-1"]
[WhiteElo "1865"]
[BlackElo "2290"]
[EventDate "2012.01.15"]
[PlyCount "76"]

1.e4 c5 2.Nf3 e6 3.d3 Nc6 4.g3 d5 5.Nbd2 g6 6.Bg2 Bg7 7.O-O Nf6 8.Re1 O-O 
9.c3 b6 10.Qa4 Qd7 11.exd5 exd5 12.Nf1 Bb7 13.Qh4 Qg4 14.Qxg4 Nxg4 15.h3 
Nge5 16.Nxe5 Nxe5 17.d4 cxd4 18.cxd4 Nd3 19.Re7 Bc6 20.Re3 Nb4 21.Re2 Bb5 
22.Rd2 Rac8 23.b3 Nc2 24.Rb1 Nxd4 25.Bb2 Ne2+ 26.Kh2 d4 27.Re1 Rfe8 28.Bb7
Rc7 29.a4 Rxb7 30.axb5 Rbe7 31.Ra1 Nc3 32.Bxc3 dxc3 33.Rc2 Re1 34.Rxe1 
Rxe1 35.Ne3 Rb1 36.Ra2 Bd4 37.Rxa7 Bxe3 38.fxe3 c2 0-1

[Event "119th NZL-ch op"]
[Site "Queenstown NZL"]
[Date "2012.01.15"]
[Round "1"]
[White "Tsoi, Nicole"]
[Black "Pyke, Malcolm"]
[Result "0-1"]
[WhiteElo "1715"]
[BlackElo "2132"]
[EventDate "2012.01.15"]
[PlyCount "104"]

1.d4 Nf6 2.Bf4 g6 3.e3 Bg7 4.Nf3 O-O 5.Be2 d6 6.O-O Nc6 7.c3 Nd7 8.Bg3 e5 
9.Nbd2 Qe8 10.dxe5 Ndxe5 11.Nxe5 dxe5 12.e4 Be6 13.Qc2 Rd8 14.Rfd1 f5 15.
f3 Qf7 16.b3 Na5 17.Bf2 b6 18.b4 Nb7 19.c4 Bh6 20.exf5 gxf5 21.Bd3 c5 22.
b5 Nd6 23.Bg3 Be3+ 24.Kh1 Qf6 25.Nf1 Bd4 26.Rac1 Rc8 27.Re1 Rfe8 28.Qe2 
Bf7 29.Qd2 Bg6 30.Bf2 e4 31.fxe4 fxe4 32.Bxd4 cxd4 33.Bb1 Rxc4 34.Rxc4 
Nxc4 35.Qb4 Nd6 36.a4 e3 37.Bxg6 hxg6 38.Ng3 Rf8 39.h3 Qe5 40.Ne2 Nf5 41.
Rd1 Rd8 42.Rd3 Qe4 43.Qc4+ Kh8 44.Rd1 Nh4 45.Qc6 Qe5 46.g3 Nf5 47.Qxg6 Rd6
48.Qg4 d3 49.Nf4 e2 50.Re1 d2 51.Rxe2 d1=Q+ 52.Kh2 Qdxe2+ 0-1

[Event "119th NZL-ch op"]
[Site "Queenstown NZL"]
[Date "2012.01.15"]
[Round "1"]
[White "Voon, Richard"]
[Black "Van Riemsdijk, Herman Claudius"]
[Result "0-1"]
[WhiteElo "1933"]
[BlackElo "2401"]
[EventDate "2012.01.15"]
[PlyCount "102"]

1.Nf3 c5 2.c4 Nf6 3.Nc3 d5 4.cxd5 Nxd5 5.d4 Nxc3 6.bxc3 g6 7.g3 Bg7 8.Bg2 
Nc6 9.e3 Qa5 10.Bd2 O-O 11.O-O Bf5 12.Qb3 Qc7 13.Rfe1 Na5 14.Qa4 Bd7 15.
Qd1 Nc4 16.Bc1 Rac8 17.e4 Qa5 18.Qb3 cxd4 19.cxd4 Bxd4 20.Bh6 Bxa1 21.Bxf8
Kxf8 22.Rxa1 b6 23.Qd3 Ne5 24.Qd4 Nxf3+ 25.Bxf3 Qc3 26.Rd1 Qxd4 27.Rxd4 
Bh3 28.Bd1 Rc1 29.f3 Be6 30.Kf2 Bxa2 31.Ke2 Be6 32.Kd2 Rc7 33.Rd8+ Kg7 34.
Rb8 Bc4 35.Ba4 Ba6 36.Ra8 b5 37.Bb3 Bc8 38.Rb8 Bd7 39.Bc2 a5 40.Ra8 a4 41.
f4 Be6 42.Bd3 Bc4 43.Bc2 Bb3 44.Bd3 Bc4 45.Bc2 Bb3 46.Bd3 b4 47.e5 Rd7 48.
Ke3 a3 49.g4 a2 50.f5 Bd5 51.Ra4 b3 0-1

[Event "119th NZL-ch op"]
[Site "Queenstown NZL"]
[Date "2012.01.15"]
[Round "1"]
[White "Vuglar, Shannon"]
[Black "Lauterbach, Ingrid"]
[Result "0-1"]
[WhiteElo "1581"]
[BlackElo "2053"]
[EventDate "2012.01.15"]
[PlyCount "88"]

1.e4 e5 2.Nf3 d6 3.d4 Nd7 4.Nc3 Ngf6 5.h3 Be7 6.Bc4 O-O 7.O-O c6 8.Bb3 a6 
9.Be3 b5 10.Nd2 Bb7 11.d5 Nc5 12.dxc6 Bxc6 13.Bd5 Bxd5 14.Bxc5 dxc5 15.
Nxd5 Nxd5 16.exd5 Qxd5 17.Nf3 Qe6 18.Qe2 Bf6 19.Qe4 Rad8 20.b3 g6 21.Rad1 
Rfe8 22.Rxd8 Rxd8 23.Re1 Re8 24.Rd1 Bg7 25.c4 bxc4 26.Qxc4 Qxc4 27.bxc4 e4
28.Ne1 Rb8 29.f3 f5 30.Rd2 Bc3 31.Re2 Rb1 32.Kf1 exf3 33.gxf3 Kf7 34.Kf2 
Bxe1+ 35.Rxe1 Rxe1 36.Kxe1 f4 37.Kd2 Kf6 38.Kc3 Ke5 39.Kd3 g5 40.a4 h5 41.
a5 Kf5 42.Kd2 g4 43.fxg4+ hxg4 44.hxg4+ Kxg4 0-1

[Event "119th NZL-ch op"]
[Site "Queenstown NZL"]
[Date "2012.01.15"]
[Round "1"]
[White "Wallis, Christopher"]
[Black "Nijman, Arie"]
[Result "1-0"]
[WhiteElo "2259"]
[BlackElo "1834"]
[EventDate "2012.01.15"]
[PlyCount "61"]

1.d4 Nf6 2.c4 c5 3.d5 b5 4.cxb5 a6 5.bxa6 Bxa6 6.Nc3 d6 7.g3 g6 8.Bg2 Bg7 
9.Nf3 O-O 10.O-O Nbd7 11.Rb1 Qc7 12.b3 Rfb8 13.Bb2 Ng4 14.Ba1 Rb7 15.Qd2 
Rab8 16.h3 Ngf6 17.Rfc1 Qa5 18.Rc2 c4 19.Nd4 cxb3 20.axb3 Ne5 21.Ra2 Qb6 
22.Nc6 Nxc6 23.dxc6 Rc7 24.Na4 Qb5 25.Bd4 Bc8 26.Nc3 Qh5 27.Bxf6 Bxf6 28.
Nd5 Bf5 29.g4 Bg5 30.f4 Bxb1 31.gxh5 1-0

[Event "119th NZL-ch op"]
[Site "Queenstown NZL"]
[Date "2012.01.15"]
[Round "1"]
[White "Xie, George Wendi"]
[Black "Jackson, L. Ross"]
[Result "1-0"]
[WhiteElo "2459"]
[BlackElo "1947"]
[EventDate "2012.01.15"]
[PlyCount "107"]

1.d4 d5 2.c4 e6 3.Nc3 Nf6 4.cxd5 exd5 5.Bg5 Be7 6.e3 O-O 7.Bd3 c6 8.Nge2 
Nbd7 9.O-O Re8 10.Qc2 Nf8 11.Rab1 Ne4 12.Bf4 Nxc3 13.bxc3 Bd6 14.c4 dxc4 
15.Bxc4 Bxf4 16.Nxf4 Qf6 17.Rfe1 Ng6 18.Nxg6 Qxg6 19.Qxg6 hxg6 20.d5 cxd5 
21.Bxd5 Rb8 22.Rec1 Re7 23.Rc3 Be6 24.Bxe6 Rxe6 25.Rc7 Ra6 26.Rb2 Rd8 27.
g4 b6 28.Rbc2 b5 29.Rb7 Ra4 30.h3 a6 31.g5 Ra3 32.Kg2 Rad3 33.Rcc7 Rf8 34.
e4 Rdd8 35.Ra7 Rde8 36.f3 Re6 37.Rcb7 Rc6 38.Kg3 Rd6 39.h4 Rc6 40.Re7 Rb6 
41.f4 Rc6 42.Rab7 Rc3+ 43.Kg4 Rc2 44.e5 Rxa2 45.e6 Rc2 46.exf7+ Kh7 47.Re8
Rc8 48.Rxc8 Rxc8 49.Re7 Rf8 50.f5 b4 51.fxg6+ Kxg6 52.h5+ Kh7 53.g6+ Kh6 
54.Re8 1-0

[Event "119th NZL-ch op"]
[Site "Queenstown NZL"]
[Date "2012.01.15"]
[Round "1"]
[White "Yao Yow Jen, Winston"]
[Black "Kruttika, Nadig"]
[Result "0-1"]
[WhiteElo "1807"]
[BlackElo "2234"]
[EventDate "2012.01.15"]
[PlyCount "110"]

1.e4 c5 2.Nc3 g6 3.f4 Bg7 4.Nf3 d6 5.Bb5+ Bd7 6.Bc4 Nc6 7.O-O e6 8.d3 Nge7
9.Nb5 Qb8 10.Re1 a6 11.Nc3 b5 12.Bb3 Na5 13.e5 Nxb3 14.axb3 d5 15.d4 b4 
16.Na4 c4 17.Nc5 Bb5 18.Bd2 a5 19.c3 Nc6 20.Kh1 Bf8 21.Na4 Be7 22.g4 h5 
23.g5 Ra7 24.h4 Bxa4 25.Rxa4 bxc3 26.Bxc3 Qxb3 27.Qxb3 cxb3 28.Rea1 O-O 
29.Rc1 Rb8 30.Be1 Nb4 31.Rca1 Nd3 32.Bc3 Nxf4 33.Rxa5 Rxa5 34.Rxa5 Ne2 35.
Ra1 Nxc3 36.bxc3 b2 37.Rb1 Ba3 38.Ng1 Rb3 39.Ne2 Be7 40.Kg2 Bd8 41.Kf2 Ba5
42.Kg2 Kf8 43.Kf2 Bxc3 44.Nxc3 Rxc3 45.Rxb2 Rh3 46.Rb8+ Kg7 47.Kg2 Rxh4 
48.Rb4 Rg4+ 49.Kh3 Rxg5 50.Ra4 Rg4 51.Rb4 g5 52.Ra4 Re4 53.Kg3 h4+ 54.Kh3 
Re3+ 55.Kg4 Kg6 0-1

[Event "119th NZL-ch op"]
[Site "Queenstown NZL"]
[Date "2012.01.15"]
[Round "1"]
[White "Yeten, Huseyin"]
[Black "Hartvig, Ove Weiss"]
[Result "0-1"]
[WhiteElo "1781"]
[BlackElo "2210"]
[EventDate "2012.01.15"]
[PlyCount "38"]

1.d4 g6 2.e4 c6 3.f4 d5 4.e5 h5 5.Nf3 Nh6 6.Bd3 Bf5 7.c3 Bxd3 8.Qxd3 Nf5 
9.Na3 e6 10.Nc2 Qb6 11.Ne3 Nxe3 12.Qxe3 c5 13.O-O Nc6 14.Qf2 Rc8 15.a3 a5 
16.Kh1 a4 17.Qh4 cxd4 18.Qf6 Rg8 19.cxd4 Be7 0-1

[Event "119th NZL-ch op"]
[Site "Queenstown NZL"]
[Date "2012.01.15"]
[Round "1"]
[White "Zelesco, Karl"]
[Black "Li Chao"]
[Result "0-1"]
[WhiteElo "1990"]
[BlackElo "2693"]
[EventDate "2012.01.15"]
[PlyCount "78"]

1.Nf3 Nf6 2.c4 g6 3.Nc3 Bg7 4.e4 c5 5.d4 Qa5 6.Bd2 cxd4 7.Nxd4 O-O 8.Be2 
Nc6 9.Nb3 Qd8 10.O-O d6 11.Be3 b6 12.f4 Bb7 13.Bf3 Nd7 14.Qd2 Rc8 15.Rac1 
Nc5 16.Nxc5 bxc5 17.Ne2 a5 18.Rfd1 Qb6 19.b3 a4 20.Rb1 axb3 21.axb3 Rfd8 
22.Nc3 Nd4 23.b4 Qa6 24.b5 Qa3 25.Nd5 Bxd5 26.exd5 Nxf3+ 27.gxf3 Ra8 28.
Qd3 Qxd3 29.Rxd3 Ra4 30.Rc1 Rb4 31.Bd2 Rb2 32.Bc3 Bxc3 33.Rcxc3 Ra8 34.Ra3
Rxa3 35.Rxa3 Kg7 36.Re3 Kf6 37.h3 e6 38.Rd3 Rb4 39.dxe6 Kxe6 0-1

[Event "119th NZL-ch op"]
[Site "Queenstown NZL"]
[Date "2012.01.15"]
[Round "1"]
[White "Zhang Jie Wen, William"]
[Black "Smith, Robert"]
[Result "0-1"]
[WhiteElo "1849"]
[BlackElo "2273"]
[EventDate "2012.01.15"]
[PlyCount "126"]

1.e4 c5 2.Nf3 d6 3.d4 cxd4 4.Nxd4 Nf6 5.Nc3 a6 6.Be3 e5 7.Nb3 Be6 8.f3 
Nbd7 9.Qd2 Be7 10.O-O-O Rc8 11.g4 Nb6 12.Qf2 Nfd7 13.Nd5 Bxd5 14.exd5 O-O 
15.Kb1 Bg5 16.Na5 Bxe3 17.Qxe3 Qc7 18.c4 Na4 19.Qd2 b6 20.Nc6 Nb8 21.Nxb8 
Rxb8 22.Rc1 a5 23.Bd3 Nc5 24.h4 Nxd3 25.Qxd3 f5 26.Rhg1 Qf7 27.Rcf1 Rbc8 
28.Rf2 fxg4 29.Rxg4 Qf5 30.Qxf5 Rxf5 31.a4 Rcf8 32.Rfg2 R8f7 33.R2g3 g6 
34.Rg2 Kg7 35.Kc2 Rxf3 36.Rg1 Rf2+ 37.Kb3 R7f3+ 38.Ka2 Rf4 39.Kb3 Rxg4 40.
Rxg4 Rf4 41.Rxf4 exf4 42.Kc3 Kf6 43.Kd4 Kf5 44.b3 h6 45.Kd3 Ke5 46.Ke2 Kd4
47.Kd2 g5 48.hxg5 hxg5 49.Ke2 Kc3 50.b4 Kxb4 51.c5 Kxc5 52.Kd3 Kxd5 53.Ke2
Ke4 54.Kf2 g4 55.Kg2 Ke3 56.Kf1 f3 57.Kg1 g3 58.Kf1 d5 59.Kg1 Ke2 60.Kh1 
d4 61.Kg1 d3 62.Kh1 d2 63.Kg1 d1=R# 0-1

[Event "119th NZL-ch op"]
[Site "Queenstown NZL"]
[Date "2012.01.15"]
[Round "1"]
[White "Zhao Jun"]
[Black "Bennett, Hilton"]
[Result "1-0"]
[WhiteElo "2569"]
[BlackElo "1965"]
[EventDate "2012.01.15"]
[PlyCount "73"]

1.e4 g6 2.d4 Bg7 3.Nf3 d6 4.Bc4 Nf6 5.Qe2 O-O 6.e5 dxe5 7.dxe5 Nd5 8.O-O 
Bg4 9.Nbd2 e6 10.h3 Bxf3 11.Nxf3 c6 12.a4 Nd7 13.Re1 h6 14.Ra3 Qc7 15.Rd3 
N5b6 16.Ba2 Nxa4 17.Rd4 Nab6 18.Rh4 h5 19.g4 hxg4 20.hxg4 Nd5 21.Bg5 Rfe8 
22.Kg2 Nxe5 23.Nxe5 f6 24.Nxg6 fxg5 25.Rh5 Qf7 26.Rxg5 Qxg6 27.Rxg6 Nf4+ 
28.Kg3 Nxe2+ 29.Rxe2 Kh7 30.Rgxe6 Rxe6 31.Rxe6 a5 32.Re7 Kh6 33.f4 Bxb2 
34.g5+ Kg6 35.Kg4 Rf8 36.c3 Bxc3 37.Bb1+ 1-0

[Event "119th NZL-ch op"]
[Site "Queenstown NZL"]
[Date "2012.01.15"]
[Round "1"]
[White "Zhao Xue"]
[Black "Flitney, Adrian"]
[Result "1-0"]
[WhiteElo "2551"]
[BlackElo "1959"]
[EventDate "2012.01.15"]
[PlyCount "61"]

1.d4 d5 2.c4 e6 3.Nc3 c5 4.cxd5 cxd4 5.Qa4+ Bd7 6.Qxd4 exd5 7.Nf3 Nc6 8.
Qxd5 Nf6 9.Qd1 Bc5 10.e3 Qe7 11.a3 O-O-O 12.Qc2 g5 13.Be2 g4 14.Nd2 Kb8 
15.b4 Bb6 16.Na4 Rc8 17.Nxb6 Nxb4 18.Nxd7+ Qxd7 19.Qb2 Nc2+ 20.Kf1 Nxa1 
21.Qxa1 Rc2 22.Nb3 Rhc8 23.Bb2 Ne4 24.Nd4 Rxe2 25.Nxe2 Rc2 26.Be5+ Ka8 27.
Qd4 Nd2+ 28.Kg1 Qxd4 29.Bxd4 Nf3+ 30.gxf3 gxf3 31.Ng3 1-0

[Event "119th NZL-ch op"]
[Site "Queenstown NZL"]
[Date "2012.01.16"]
[Round "2"]
[White "Akshat, Khamparia"]
[Black "Duneas, John"]
[Result "1-0"]
[WhiteElo "2414"]
[BlackElo "2087"]
[EventDate "2012.01.15"]
[PlyCount "109"]

1.d4 d5 2.c4 c6 3.Nf3 Nf6 4.Nc3 dxc4 5.a4 Bf5 6.e3 e6 7.Bxc4 Bb4 8.O-O 
Nbd7 9.Nh4 Bg4 10.f3 Bh5 11.g4 Bg6 12.Ng2 h6 13.e4 O-O 14.Be3 c5 15.Nf4 
Bh7 16.d5 Nb6 17.Ba2 Bxc3 18.bxc3 exd5 19.Bxc5 Re8 20.Qb3 Qc7 21.Bxb6 Qxf4
22.Bd4 Nxg4 23.Qb2 Ne3 24.Rfe1 Nc4 25.Qg2 Ne5 26.Rf1 Re6 27.Kh1 Rg6 28.Qe2
Nc6 29.Be3 Qe5 30.Bxd5 Rd8 31.c4 Rf6 32.Rad1 Re8 33.Bc1 Qh5 34.Bb2 Rf4 35.
Qg2 Bg6 36.Qg3 Rh4 37.Rd2 Rh3 38.Qg2 Ne5 39.Bxe5 Rxe5 40.f4 Re8 41.f5 Bh7 
42.Rg1 Qg5 43.Qxg5 hxg5 44.Rxg5 b6 45.Rdg2 Kf8 46.Rxg7 Re7 47.R7g3 Rh4 48.
Rg4 Rh6 49.h4 Re5 50.Kh2 Ke7 51.Rg7 Rxh4+ 52.Kg3 Rh6 53.Rxf7+ Kd6 54.Rxa7 
Re8 55.Kf4 1-0

[Event "119th NZL-ch op"]
[Site "Queenstown NZL"]
[Date "2012.01.16"]
[Round "2"]
[White "Ansell, Alan"]
[Black "Johansen, Darryl"]
[Result "1/2-1/2"]
[WhiteElo "2079"]
[BlackElo "2403"]
[EventDate "2012.01.15"]
[PlyCount "59"]

1.d4 e6 2.c4 Bb4+ 3.Nd2 d5 4.Qa4+ Nc6 5.a3 Be7 6.e3 Nf6 7.Ngf3 O-O 8.b4 
dxc4 9.Bxc4 a6 10.Qc2 Bd7 11.O-O a5 12.b5 Na7 13.Rb1 Qe8 14.a4 c6 15.b6 
Nc8 16.Bd3 Bb4 17.Rxb4 axb4 18.Nc4 c5 19.a5 Ba4 20.Qb1 Bb5 21.dxc5 Bxc4 
22.Bxc4 Rxa5 23.Qxb4 Qa4 24.Bd2 Qxb4 25.Bxb4 Ra4 26.Rb1 Rd8 27.Bb5 Ra2 28.
Bc4 Ra4 29.Bb5 Ra2 30.Bc4 1/2-1/2

[Event "119th NZL-ch op"]
[Site "Queenstown NZL"]
[Date "2012.01.16"]
[Round "2"]
[White "Bennett, Hilton"]
[Black "Yeten, Huseyin"]
[Result "1-0"]
[WhiteElo "1965"]
[BlackElo "1781"]
[EventDate "2012.01.15"]
[PlyCount "42"]

1.e4 e5 2.Nc3 Nf6 3.g3 Bc5 4.Bg2 d6 5.Nge2 Nc6 6.O-O Be6 7.h3 Qd7 8.Kh2 
Ne7 9.f4 g6 10.b3 h5 11.d4 exd4 12.Nxd4 Ng4+ 13.hxg4 hxg4+ 14.Kg1 Nc6 15.
Be3 f6 16.Na4 Bb4 17.c3 Ba5 18.Nxe6 Qxe6 19.b4 Bb6 20.Nxb6 axb6 21.Qd5 Qe7
1-0

[Event "119th NZL-ch op"]
[Site "Queenstown NZL"]
[Date "2012.01.16"]
[Round "2"]
[White "Bird, Andrew"]
[Black "Jones, Gawain"]
[Result "0-1"]
[WhiteElo "2216"]
[BlackElo "2653"]
[EventDate "2012.01.15"]
[PlyCount "64"]

1.Nf3 d6 2.d4 Nf6 3.g3 g6 4.Bg2 Bg7 5.c4 O-O 6.Nc3 Nc6 7.O-O Rb8 8.b3 a6 
9.Nd5 e6 10.Nxf6+ Qxf6 11.Bg5 Qf5 12.Qd2 Qa5 13.Qxa5 Nxa5 14.Rac1 Re8 15.
d5 b6 16.Be3 e5 17.b4 Nb7 18.c5 bxc5 19.bxc5 Nxc5 20.Bxc5 dxc5 21.Rxc5 e4 
22.Ne1 Bg4 23.Rc2 Rb2 24.f3 exf3 25.exf3 Bd4+ 26.Kh1 Rb1 27.Nd3 Rxf1+ 28.
Bxf1 Bxf3+ 29.Bg2 Re2 30.Rxe2 Bxe2 31.Nc1 Bc4 32.Nb3 Bb6 0-1

[Event "119th NZL-ch op"]
[Site "Queenstown NZL"]
[Date "2012.01.16"]
[Round "2"]
[White "Bischoff, Klaus"]
[Black "Li Zuhao, Luke"]
[Result "1-0"]
[WhiteElo "2537"]
[BlackElo "2165"]
[EventDate "2012.01.15"]
[PlyCount "105"]

1.c4 Nf6 2.Nc3 b6 3.Nf3 Bb7 4.d4 e6 5.a3 Ne4 6.Nxe4 Bxe4 7.Nd2 Bg6 8.g3 
Nc6 9.e3 Be7 10.Bg2 O-O 11.O-O Bf6 12.Ne4 Bxe4 13.Bxe4 g6 14.Qc2 Rc8 15.
Rd1 Ne7 16.Qa4 d5 17.cxd5 exd5 18.Bg2 c6 19.Bd2 Qd7 20.Rac1 a5 21.Rc2 Rfd8
22.Rdc1 Bg7 23.Qb3 Rb8 24.Qd3 f5 25.b4 a4 26.b5 cxb5 27.Rc7 Qe8 28.Bb4 Bf8
29.Bf1 Rdc8 30.Qxb5 Rxc7 31.Rxc7 Qxb5 32.Bxb5 Rc8 33.Rxe7 Bxe7 34.Bxe7 
Rc1+ 35.Kg2 Rb1 36.Bxa4 Kf7 37.Bb4 Ke6 38.h3 Ra1 39.Bb5 Rb1 40.Ba6 Rc1 41.
a4 Rc2 42.Bf8 Ra2 43.Bb5 Rc2 44.Bh6 Rc3 45.Bf4 Rc8 46.g4 Ke7 47.Kg3 Ke6 
48.Kh4 Rc2 49.Bg3 Rc1 50.Kg5 Rd1 51.gxf5+ gxf5 52.h4 Rh1 53.Bd3 1-0